Where have all the bluebirds gone? (Record no. 23811)

MARC details
000 -LEADER
fixed length control field 00587nam a22002057a 4500
003 - CONTROL NUMBER IDENTIFIER
control field OSt
005 - DATE AND TIME OF LATEST TRANSACTION
control field 20260610124815.0
008 - FIXED-LENGTH DATA ELEMENTS--GENERAL INFORMATION
fixed length control field 260610b |||||||| |||| 00| 0 eng d
020 ## - INTERNATIONAL STANDARD BOOK NUMBER
International Standard Book Number 0325004374
040 ## - CATALOGING SOURCE
Transcribing agency Chuka university library
050 ## - LIBRARY OF CONGRESS CALL NUMBER
Classification number LB 1050
Item number .C2 2002
100 ## - MAIN ENTRY--PERSONAL NAME
Personal name Caldwell, Michael P
9 (RLIN) 28256
245 ## - TITLE STATEMENT
Title Where have all the bluebirds gone?
260 ## - PUBLICATION, DISTRIBUTION, ETC.
Place of publication, distribution, etc. Portsmauth
Name of publisher, distributor, etc. Elsevier
Date of publication, distribution, etc. 2002
300 ## - PHYSICAL DESCRIPTION
Extent varios pages
Other physical details Illustated
650 ## - SUBJECT ADDED ENTRY--TOPICAL TERM
Topical term or geographic name entry element Reading
9 (RLIN) 11310
650 ## - SUBJECT ADDED ENTRY--TOPICAL TERM
Topical term or geographic name entry element Mixed ability grouping in education
9 (RLIN) 20214
650 ## - SUBJECT ADDED ENTRY--TOPICAL TERM
Topical term or geographic name entry element Group reading
9 (RLIN) 28257
942 ## - ADDED ENTRY ELEMENTS (KOHA)
Source of classification or shelving scheme Library of Congress Classification
Koha item type Long Loan Books
Suppress in OPAC No
Holdings
Withdrawn status Lost status Source of classification or shelving scheme Damaged status Not for loan Collection Home library Current library Shelving location Date acquired Source of acquisition Cost, normal purchase price Total Checkouts Full call number Barcode Date last seen Price effective from Koha item type
    Library of Congress Classification     General Collection Books Main Campus Library Main Campus Library General Stacks 10/06/2026 Donations from Books for Africa 4096.83   LB 1050 .C2 2002 33767/2026 10/06/2026 10/06/2026 Long Loan Books

Powered by Koha